00558nam a22002057a 450000500170000001000130001702000100003003500130004003700160005304000120006908200160008110000110009724500850010826000470019327000340024030000270027450000200030165000130032165000180033420170124105942.0 aB-012816 c00.00 aB-012816 bCen Lib/Ret aDPLbEN a230.33bASH aAshish aYogi in the mountains :cby Ashishbwith the blessings of goddess kheerbhavani / aKolhapurbShree gagangad publishers c1993 bKolhapuraGagangad gaganbawda a46p.;c20cm(pbk)bill. aIncludes index  aHinduism aHinduism yogi